[Event "Ufa Penzina Memorial"]
[Site "Ufa"]
[Date "2023.08.13"]
[Round "8"]
[White "Motina, Alisa"]
[Black "Yusupova, Adel"]
[Result "1-0"]
[WhiteElo "1327"]
[BlackElo "1635"]
[PlyCount "61"]
[EventDate "2023.08.06"]
[EventType "swiss"]
[EventRounds "9"]
[EventCountry "RUS"]
[SourceTitle "CBM 215 Extra"]
[Source "ChessBase"]
[SourceDate "2023.09.30"]
[SourceVersion "1"]
[SourceVersionDate "2023.09.30"]
[SourceQuality "1"]

1. e4 c5 2. Nc3 Nc6 3. Bb5 d6 4. Bxc6+ bxc6 5. d3 g6 6. f4 Bg7 7. Nf3 Nf6 8. 0-0 Rb8 9. Qe1 0-0 10. h3 e6 11. b3 Ne8 12. Bb2 d5 13. e5 Nc7 14. Ba3 Na6 15. Na4 Nb4 16. Qf2 Qa5 17. Bc1 f6 18. Bd2 Qc7 19. Qxc5 Rb5 20. Qc3 fxe5 21. fxe5 a5 22. d4 Ba6 23. a3 c5 24. axb4 axb4 25. Qe3 cxd4 26. Nxd4 Rxf1+ 27. Rxf1 Rb8 28. Re1 Re8 29. Bxb4 Qb8 30. Bd6 Qc8 31. Nc5 1-0